| 000 | 01984cam a2200385 a 4500 | ||
|---|---|---|---|
| 001 | 12753854 | ||
| 005 | 20040513104603.0 | ||
| 008 | 020425s2002 ctua b 001 0 eng | ||
| 010 | _a 2002070434 | ||
| 020 | _a0275976084 (alk. paper) | ||
| 020 | _a0275976092 | ||
| 020 | _a9780275976095 | ||
| 040 |
_aDLC _cDLC _dDLC |
||
| 042 | _apcc | ||
| 043 | _ae------ | ||
| 050 | 0 | 0 |
_aD1056.2.M87 _bI75 2002 |
| 082 | 0 | 0 |
_a305.897104 _222 _bISL |
| 245 | 0 | 0 |
_aIslam, Europe's Second Religion : _bThe New Social, Cultural, and Political Landscape / _cEdited by Shireen T. Hunter ; Foreword by Charles Buchanan. |
| 260 |
_aWestport, Conn. : _bPraeger, _c2002. |
||
| 300 |
_axvii, 292 p. : _bill. ; _c24 cm. |
||
| 504 | _aIncludes bibliographical references p. 281-284 and index. | ||
| 650 | 0 |
_aMuslims _zEurope. _98921 |
|
| 650 | 0 |
_aIslam _zEurope. _98922 |
|
| 650 | 0 |
_aMuslims _xCultural assimilation _zEurope. _98923 |
|
| 650 | 0 |
_aMulticulturalism _zEurope. _98924 |
|
| 651 | 0 |
_aEurope _xEthnic relations. _98925 |
|
| 700 | 1 |
_aHunter, Shireen. _98926 |
|
| 700 | 1 |
_aBuchanan, Charles _98927 |
|
| 942 |
_2ddc _cBB |
||
| 999 |
_c12805 _d12805 |
||